Top 300 Boys Names of 2012, Spellings Combined Quiz Stats

 Plays Quiz not verified by Sporcle

Challenge
Share
Tweet
Embed
Score 0/300 Timer 20:00
0 Plays Today
Answer % Correct
Daniel
98.2%
John
98.2%
Alex
96.4%
Jack
95.3%
Charles
95.3%
Alexander
94.7%
William
94.1%
James
94.1%
Bryan
94.1%
Robert
94.1%
Benjamin
93.5%
Nathan
93.5%
Mark
93.5%
George
93.5%
Peter
93.5%
Christopher
92.9%
Matthew
92.9%
Henry
92.9%
Paul
92.9%
Jacob
92.3%
Anthony
92.3%
Jose
92.3%
Adam
92.3%
Jackson
91.7%
Andrew
91.7%
Ryan
91.7%
Samuel
91.7%
Richard
91.7%
David
91.1%
Joseph
91.1%
Brandon
91.1%
Thomas
91.1%
Jason
90.5%
Ethan
89.9%
Lucas
89.9%
Nathaniel
89.9%
Andre
89.9%
Aiden
89.3%
Christian
89.3%
Luke
89.3%
Kevin
89.3%
Eric
89.3%
Sean
89.3%
Kyle
89.3%
Ty
89.3%
Liam
88.8%
Zachary
88.8%
Aaron
88.8%
Jayden
88.2%
Jonathan
88.2%
Victor
88.2%
Nicholas
87.6%
Justin
87.6%
Steven
87.6%
Edward
87.6%
Luca
87.6%
Tyler
87%
Evan
87%
Marcus
87%
Vincent
87%
Jeremy
87%
Kenneth
87%
Charlie
87%
Noah
86.4%
Timothy
86.4%
Frank
86.4%
Michael
85.8%
Jordan
85.8%
Leo
85.2%
Mason
84.6%
Eli
84.6%
Jake
84.6%
Brendan
84.6%
Dylan
84%
Isaac
84%
Alan
84%
Joshua
83.4%
Ian
83.4%
Oliver
83.4%
Patrick
83.4%
Phillip
82.8%
Bradley
81.7%
Jeremiah
81.1%
Elijah
80.5%
Austin
80.5%
Kaden
79.9%
Colin
79.9%
Jeffrey
79.9%
Logan
79.3%
Antonio
79.3%
Connor
78.7%
Isaiah
78.7%
Cole
78.1%
Xavier
77.5%
Ivan
77.5%
Kale
77.5%
Brayden
76.9%
Beau
76.9%
Hunter
76.3%
Juan
76.3%
Answer % Correct
Blake
76.3%
Max
76.3%
Chase
75.7%
Carlos
75.7%
Riley
75.7%
Raymond
75.7%
Gregory
75.7%
Devin
75.1%
Grant
75.1%
Martin
75.1%
Caleb
74.6%
Landon
74.6%
Luis
74.6%
Jesse
74.6%
Brady
74.6%
Cameron
74%
Julian
74%
Garrett
74%
Gabriel
73.4%
Drew
73.4%
Cody
72.8%
Carter
72.2%
Jesus
72.2%
Miles
72.2%
Bryce
72.2%
Maxwell
72.2%
Leonardo
72.2%
Derek
71.6%
Edwin
71%
Harrison
71%
Oscar
70.4%
Elliot
70.4%
Cooper
69.8%
Hayden
69.8%
Trevor
69.8%
Marco
69.8%
Roberto
69.8%
Damian
69.2%
Grayson
69.2%
Shane
69.2%
Jaime
69.2%
Owen
68.6%
Miguel
68.6%
Joel
68.6%
Wesley
68.6%
Calvin
68.6%
Brody
68%
Ashton
68%
Abraham
68%
Theodore
68%
Dean
68%
Sebastian
67.5%
Parker
67.5%
Ricardo
67.5%
Andy
67.5%
Troy
67.5%
Carson
66.9%
Adrian
66.3%
Alejandro
66.3%
Zane
66.3%
Gavin
65.7%
Tanner
64.5%
Manuel
64.5%
Quinn
64.5%
Wyatt
63.9%
Micah
63.9%
Jonah
63.9%
Eduardo
63.9%
Travis
63.9%
Francisco
63.9%
Tyson
63.3%
Jared
63.3%
Chance
63.3%
Clayton
63.3%
Edgar
62.7%
Tristan
62.1%
Josiah
62.1%
Xander
62.1%
Seth
62.1%
Corey
62.1%
Peyton
61.5%
Lincoln
61.5%
Danny
60.9%
Angel
60.4%
Levi
60.4%
Nolan
60.4%
Colton
59.2%
Dominic
58.6%
Everett
58.6%
Preston
58%
Weston
58%
Trenton
58%
Simon
58%
Finn
57.4%
Easton
56.8%
Cade
56.8%
Emmett
56.8%
Jorge
56.2%
Jude
56.2%
Drake
56.2%
Answer % Correct
Emmanuel
55.6%
Mario
55.6%
Bentley
55%
Abel
55%
Dakota
55%
Omar
54.4%
Spencer
54.4%
Anderson
54.4%
Bryson
53.8%
Corbin
53.3%
Diego
52.7%
Mateo
52.7%
Javier
52.7%
Angelo
52.7%
Jace
52.1%
Avery
52.1%
Alexis
52.1%
Dalton
52.1%
Brennan
51.5%
Bennett
51.5%
Reece
50.3%
Ezra
49.7%
Andres
49.1%
Elias
47.9%
Camden
47.3%
Ezekiel
47.3%
Donovan
47.3%
Colby
47.3%
Roman
46.7%
Fernando
46.7%
Braxton
46.2%
Hector
46.2%
Brock
46.2%
Israel
45%
Judah
45%
Asher
44.4%
Jameson
44.4%
Zayden
44.4%
Pedro
44.4%
Dallas
44.4%
Rylan
43.8%
Mohamed
43.8%
Ruben
43.2%
Gunner
43.2%
Axel
42.6%
Rafael
42%
Cash
42%
Keegan
40.8%
Reid
40.8%
Skyler
40.8%
Lane
40.8%
Silas
40.2%
Graham
40.2%
Rowan
40.2%
Emilio
40.2%
Jaylen
39.6%
Sawyer
39.6%
Maximus
39.6%
Ryder
39.1%
Kai
39.1%
Tucker
39.1%
Sergio
39.1%
Quinton
39.1%
Dante
38.5%
Giovanni
37.9%
Josue
37.9%
Maddox
37.3%
Malachi
36.7%
Declan
36.7%
Terrance
36.1%
Jasper
34.3%
Paxton
34.3%
Cesar
33.7%
Kingston
33.7%
Kyler
33.7%
Holden
33.7%
Santiago
32%
Darius
31.4%
Hudson
30.8%
Dawson
30.8%
Kasen
30.8%
Amir
30.2%
Fabian
30.2%
Grady
29%
Ryker
27.8%
Zion
27.2%
Moises
27.2%
Braylon
26.6%
Malik
24.3%
Cruz
23.7%
Griffin
23.1%
Gage
21.9%
Emiliano
20.7%
Amari
20.1%
Cohen
19.5%
Joaquin
17.2%
Leland
11.2%
Cason
10.7%
Kian
8.3%
Kellen
7.7%

You're not logged in!

Compare scores with friends on all Sporcle quizzes.
Join for Free
OR
Log In

You Might Also Like...

Show Comments

Extras

Created Jun 5, 2015ReportNominate
Tags:2012, Boys Names, First Names

Top Quizzes Today


Score Distribution

Your Account Isn't Verified!

In order to create a playlist on Sporcle, you need to verify the email address you used during registration. Go to your Sporcle Settings to finish the process.

Report this User

Report this user for behavior that violates our Community Guidelines.

Details: